00513cam a22002051 4500001001300000003000400013005001700017008004100034010001700075035002000092040001800112042001200130050001900142100004100161245004000202260001400242300001900256500001500275999001700290sa 67004567 DLC20260227112348.0881102s1963 xx 000 0 hino  asa 67004567  a(OCoLC)23568839 aDLCcMiUdDLC apremarc00aPK2098.V33bP71 aVarmā, Rāmakumāra,d1905-1990.10aPṛthvīrāja kī ān̐kheṃ. c[1963/64] a123 p.c19 cm. aRomanized. c74588d74588